Normal view
MARC view
- Data Mining- Quantitative research
Entry Topical Term
001 - CONTROL NUMBER
- control field: 6375
003 - CONTROL NUMBER IDENTIFIER
- control field: JO-AjAnu
005 - DATE AND TIME OF LATEST TRANSACTION
- control field: 20230606071332.0
008 - FIXED-LENGTH DATA ELEMENTS
- fixed length control field: 230606|| aca||aabn | a|a d
040 ## - CATALOGING SOURCE
- Original cataloging agency: JO-AjAnu
- Transcribing agency: JO-AjAnu
150 ## - HEADING--TOPICAL TERM
- Topical term or geographic name entry element: Data Mining- Quantitative research
670 ## - SOURCE DATA FOUND
- Source citation: Work cat.: (JO-AjAnu)3301: Jamsa, Kris, author 6374, Introduction to Data Mining and Analytics with machine learning in rand python